American Musicians by Genre - Statistics

General Stats
  • This quiz has been taken 200 times
    195 since last reset
  • The average score is 13 of 24
Answer Stats
Hint Answer % Correct
Nirvana Grunge
81%
Johnny Cash Country
77%
Louis Armstrong Jazz
77%
Megadeth Heavy Metal
76%
Beach Boys Surf Rock
75%
B.B. King Blues
71%
Bob Dylan Folk Rock
71%
Notorious B.I.G. Gangsta Rap
68%
The Village People Disco
66%
Jimi Hendrix Psychedelic Rock
65%
The Supremes Motown
62%
The Ramones Punk
61%
Sugarhill Gang Old School Hip Hop
51%
Limp Bizkit Nu Metal
50%
Scott Joplin Ragtime
48%
Buddy Holly Rockabilly
48%
Carpenters Soft Rock
48%
Modest Mouse Indie Rock
42%
George Clinton Funk
40%
Lil Nas X Trap
40%
De La Soul Jazz Rap
38%
Moby Techno
37%
Lil Jon Crunk
35%
The Standells Garage Rock
21%
No matching quizzes found
Score Distribution
Percent of People with Each Score
Percentile by Number Answered
Your Score History
You have not taken this quiz since the last reset